[Event "Belgrade-chT"]
[Site "Belgrade"]
[Date "2014.10.05"]
[Round "2"]
[White "Knezevic, Milorad G"]
[Black "Matovic, Sasa"]
[Result "0-1"]
[WhiteElo "2219"]
[BlackElo "2176"]
[PlyCount "82"]
[EventDate "2014.10.04"]
[EventType "team-tourn"]
[EventRounds "13"]
[EventCountry "SRB"]
[SourceTitle "EXT 2015"]
[Source "ChessBase"]
[SourceDate "2014.11.20"]
[SourceVersion "1"]
[SourceVersionDate "2014.11.20"]
[SourceQuality "1"]

1. e4 e6 2. Nc3 d5 3. d3 Nf6 4. e5 Nfd7 5. d4 c5 6. f4 Nc6 7. Nf3 cxd4 8. Nb5 Qa5+ 9. Bd2 Qb6 10. a4 Bc5 11. Bd3 a6 12. a5 Qd8 13. Na3 f6 14. 0-0 0-0 15. Qe1 Be7 16. b4 fxe5 17. fxe5 Rxf3 18. Rxf3 Ndxe5 19. Rf2 Nxd3 20. cxd3 e5 21. Nc2 Bh4 22. g3 Bf6 23. Qe2 Qe8 24. Raf1 Qg6 25. Bc1 Bg4 26. Qd2 Bh3 27. Re1 Bf5 28. b5 axb5 29. Nb4 e4 30. Qa2 Nxb4 31. Qb3 Nxd3 32. Qxd5+ Kh8 33. Rxf5 Nxe1 34. a6 Re8 35. axb7 Nd3 36. Qxb5 Rb8 37. Ba3 h6 38. Rf1 Be5 39. Qd7 e3 40. Rf8+ Rxf8 41. Bxf8 e2 0-1

[Event "Belgrade-chT Quality"]
[Site "Belgrade"]
[Date "2012.10.21"]
[Round "4.5"]
[White "Vrbljanac, Aleksandar"]
[Black "Matovic, Sasa"]
[Result "0-1"]
[WhiteElo "2231"]
[BlackElo "2169"]
[PlyCount "126"]
[EventDate "2012.10.13"]
[EventType "team-tourn"]
[EventRounds "11"]
[EventCountry "SRB"]
[SourceTitle "EXT 2019"]
[Source "ChessBase"]
[SourceDate "2018.10.10"]
[SourceVersion "1"]
[SourceVersionDate "2018.10.10"]
[SourceQuality "1"]

1. d4 Nf6 2. c4 c5 3. Nf3 cxd4 4. Nxd4 b6 5. Nc3 Bb7 6. f3 d6 7. e4 e6 8. Be3 Be7 9. Qa4+ Nfd7 10. Be2 0-0 11. 0-0 a6 12. Rfd1 Qc7 13. Rac1 Nf6 14. b4 Nbd7 15. Qb3 Rac8 16. a4 Qb8 17. Rb1 Rfe8 18. Bf2 Bd8 19. Bf1 Bc7 20. g3 Qa8 21. Nde2 g5 22. h3 Rb8 23. Qa2 Ne5 24. Bg2 Ng6 25. Qd2 h6 26. Nd4 Rbd8 27. Qc1 Rd7 28. Nce2 Rc8 29. Rb2 Bd8 30. Rc2 Rdc7 31. Nb3 d5 32. exd5 Nxd5 33. Be1 Be7 34. c5 a5 35. bxa5 bxc5 36. Bf2 c4 37. Nbd4 Nb4 38. Nb5 Rc5 39. Bxc5 Bxc5+ 40. Kh2 Nxc2 41. Qxc2 Bxf3 42. Bxf3 Qxf3 43. Ned4 Qe3 44. a6 Ne5 45. Qg2 g4 46. a7 Nf3+ 47. Kh1 h5 48. hxg4 hxg4 49. Nxf3 gxf3 50. Qh3 Qe2 51. Nc3 Qg2+ 52. Qxg2 fxg2+ 53. Kxg2 Bxa7 54. Kf3 Bc5 55. g4 Ra8 56. Rc1 Bf8 57. Ne4 Rxa4 58. Nf6+ Kg7 59. g5 Be7 60. Ne4 Kg6 61. Kf4 c3 62. Rxc3 Bxg5+ 63. Kf3 Be7 0-1

[Event "Belgrade-ch"]
[Site "Belgrade"]
[Date "2012.01.23"]
[Round "2"]
[White "Matovic, Sasa"]
[Black "Lajthajm, Borko"]
[Result "0-1"]
[WhiteElo "2183"]
[BlackElo "2498"]
[PlyCount "60"]
[EventDate "2012.01.22"]
[EventType "swiss"]
[EventRounds "9"]
[EventCountry "SRB"]
[SourceTitle "CBM 146 Extra"]
[Source "ChessBase"]
[SourceDate "2012.02.29"]
[SourceVersion "1"]
[SourceVersionDate "2012.02.29"]
[SourceQuality "1"]

1. e4 d5 2. exd5 Qxd5 3. d4 c6 4. c4 Qa5+ 5. Nc3 Nf6 6. Nf3 Bg4 7. Be2 e6 8. 0-0 Nbd7 9. Ne5 Nxe5 10. dxe5 Rd8 11. Qc2 Qxe5 12. Be3 Bc5 13. Bxc5 Qxc5 14. Bxg4 Nxg4 15. Ne4 Qe5 16. Ng3 0-0 17. Rfe1 Qf4 18. Re4 Qg5 19. Nf1 h5 20. Rae1 Rd7 21. h3 Nf6 22. Re5 Qf4 23. g3 Qh6 24. f4 h4 25. Qf2 hxg3 26. Nxg3 Qxh3 27. Rg5 Rd3 28. Nf1 Ng4 29. Qe2 Rg3+ 30. Nxg3 Qxg3+ 0-1

[Event "Belgrade Winter op"]
[Site "Belgrade"]
[Date "2011.01.26"]
[Round "5"]
[White "Stamenkovic, Aleksandar"]
[Black "Matovic, Sasa"]
[Result "1/2-1/2"]
[WhiteElo "2307"]
[BlackElo "2180"]
[PlyCount "127"]
[EventDate "2011.01.22"]
[EventType "swiss"]
[EventRounds "9"]
[EventCountry "SRB"]
[SourceTitle "CBM 140 Extra"]
[Source "ChessBase"]
[SourceDate "2011.03.01"]
[SourceVersion "1"]
[SourceVersionDate "2011.03.01"]
[SourceQuality "1"]

1. Nf3 Nf6 2. c4 e6 3. d4 c5 4. d5 d6 5. Nc3 e5 6. e4 Be7 7. g3 0-0 8. Bg2 Ne8 9. 0-0 g6 10. Ne1 f5 11. Nd3 Bf6 12. f4 Nd7 13. exf5 gxf5 14. fxe5 Nxe5 15. Bh6 Ng7 16. Nxe5 dxe5 17. Qd2 Rb8 18. Rad1 Rf7 19. Be3 b6 20. a3 Ba6 21. b3 Qd6 22. Rf2 Rbf8 23. Qc1 h5 24. Na4 h4 25. b4 hxg3 26. hxg3 Rc7 27. bxc5 bxc5 28. Nc3 Rcf7 29. Nb5 Bxb5 30. cxb5 Be7 31. Rc2 Rc8 32. Bg5 Bf8 33. Bf3 e4 34. Bf4 Qg6 35. Be2 Bd6 36. Kf2 Ne8 37. Rh1 Rh7 38. Bxd6 Nxd6 39. Rxh7 Qxh7 40. Kg2 Qc7 41. Qg5+ Qg7 42. Qf4 Qe7 43. Rc1 Kg7 44. Qe3 Nf7 45. Rh1 Rh8 46. Qc3+ Qe5 47. Qxe5+ Nxe5 48. Rxh8 Kxh8 49. a4 Kg7 50. a5 c4 51. b6 c3 52. Bd1 a6 53. Kf2 Kf6 54. Ke3 Nc4+ 55. Kd4 Nxa5 56. Kxc3 Ke5 57. Bb3 Nb7 58. Bc4 Nc5 59. Kb4 Kd6 60. Ka5 e3 61. Kb4 e2 62. Bxe2 Kxd5 63. Ka5 Nd7 64. Bd3 1/2-1/2

[Event "Belgrade-ch"]
[Site "Belgrade"]
[Date "2010.01.31"]
[Round "9"]
[White "Matovic, Sasa"]
[Black "Skare, Goran"]
[Result "1/2-1/2"]
[WhiteElo "2131"]
[BlackElo "2293"]
[PlyCount "107"]
[EventDate "2010.01.23"]
[EventType "swiss"]
[EventRounds "9"]
[EventCountry "YUG"]
[SourceTitle "CBM 134 Extra"]
[Source "ChessBase"]
[SourceDate "2010.03.03"]
[SourceVersion "1"]
[SourceVersionDate "2010.03.03"]
[SourceQuality "1"]

1. e4 e6 2. Nc3 d5 3. d3 Nf6 4. e5 Nfd7 5. f4 c5 6. Nf3 Nc6 7. Qe2 a6 8. g3 b5 9. a3 Bb7 10. Bh3 g6 11. 0-0 Nb6 12. Bd2 Rc8 13. Nd1 h5 14. Nf2 Be7 15. Rae1 a5 16. Bg2 b4 17. axb4 axb4 18. h4 Nd4 19. Qd1 Nf5 20. Kh2 Kf8 21. Nh3 Ba6 22. Bc1 Na8 23. Nhg5 Nc7 24. Bh3 Qd7 25. Rf2 Kg7 26. Kg2 Qb5 27. b3 Qb7 28. Rh1 Nb5 29. g4 hxg4 30. Bxg4 d4 31. h5 Bxg5 32. fxg5 Nc3 33. Qe1 Rce8 34. Bf4 Nd5 35. h6+ Kh7 36. Bh2 Bb5 37. Kh3 Nde3 38. Bf4 Nxg4 39. Kxg4 Bc6 40. Rg1 Bxf3+ 41. Rxf3 Ra8 42. Qe4 Rhb8 43. Rff1 Ra2 44. Ra1 Qa6 45. Qh1 Ra3 46. Rgf1 Rb5 47. Rac1 Rba5 48. Qe4 Ra2 49. Qh1 R5a3 50. Qe4 Rb2 51. Rfd1 Raa2 52. Rd2 Qc8 53. Qh1 Qc7 54. Qe4 1/2-1/2

[Event "Belgrade tt Cup"]
[Site "Belgrade"]
[Date "2009.04.09"]
[Round "2"]
[White "Stankovic, Milos"]
[Black "Matovic, Sasa"]
[Result "1-0"]
[WhiteElo "2156"]
[BlackElo "2134"]
[PlyCount "109"]
[EventDate "2009.04.08"]
[EventType "team-tourn"]
[EventRounds "5"]
[EventCountry "YUG"]
[SourceTitle "CBM 129 Extra"]
[Source "ChessBase"]
[SourceDate "2009.05.05"]
[SourceVersion "2"]
[SourceVersionDate "2009.05.20"]
[SourceQuality "1"]

1. e4 e6 2. d4 d5 3. Nc3 Bb4 4. e5 c5 5. a3 Bxc3+ 6. bxc3 Ne7 7. Qg4 Nf5 8. Bd3 h5 9. Qf4 cxd4 10. cxd4 Qh4 11. Qxh4 Nxh4 12. Nf3 Nxf3+ 13. gxf3 b6 14. a4 Nc6 15. c3 Bd7 16. Rg1 g6 17. Ke2 Na5 18. Bb2 Nc4 19. Bxc4 dxc4 20. Ke3 Bc6 21. Kf4 Rh7 22. h4 Rh8 23. a5 Kd7 24. Ba3 Rhd8 25. Bd6 b5 26. a6 Ke8 27. Rgb1 f5 28. Ra5 Rac8 29. Kg5 Kf7 30. Raxb5 Bxb5 31. Rxb5 Rd7 32. Rb7 Rcd8 33. Kh6 Rh8+ 34. Kg5 Rhd8 35. Rb4 Rc8 36. Bc5 Rc6 37. Rb8 Kg7 38. Rb7 Rcc7 39. Rb4 Rc6 40. Rb7 Rcc7 41. Rb8 Rc6 42. Bf8+ Kh7 43. Kf6 Rxa6 44. Re8 Rc6 45. Rxe6 Rxe6+ 46. Kxe6 Rb7 47. d5 g5 48. d6 gxh4 49. d7 Rxd7 50. Kxd7 h3 51. e6 h2 52. e7 h1Q 53. e8Q Qd1+ 54. Kc7 Qd5 55. Qe7+ 1-0

[Event "Belgrade tt Cup"]
[Site "Belgrade"]
[Date "2009.04.08"]
[Round "1"]
[White "Matovic, Sasa"]
[Black "Petrovic, Petar"]
[Result "0-1"]
[WhiteElo "2134"]
[BlackElo "2137"]
[PlyCount "162"]
[EventDate "2009.04.08"]
[EventType "team-tourn"]
[EventRounds "5"]
[EventCountry "YUG"]
[SourceTitle "CBM 129 Extra"]
[Source "ChessBase"]
[SourceDate "2009.05.05"]
[SourceVersion "2"]
[SourceVersionDate "2009.05.20"]
[SourceQuality "1"]

1. e4 e5 2. Nc3 Nc6 3. Bc4 Nf6 4. d3 d6 5. Nge2 Be7 6. 0-0 0-0 7. f4 Na5 8. Bb3 Nxb3 9. axb3 c6 10. h3 a6 11. Be3 Nh5 12. f5 d5 13. Bf2 Nf6 14. g4 Ne8 15. Ng3 d4 16. Nce2 Bg5 17. Kg2 g6 18. Ng1 gxf5 19. gxf5 Kh8 20. Nf3 Bf6 21. Nh5 Rg8+ 22. Kh1 Qe7 23. Qe2 Bd7 24. Bg3 Rxg3 25. Nxg3 Ng7 26. Rg1 Rg8 27. Raf1 Be8 28. Nh2 Bg5 29. Nh5 Nxh5 30. Qxh5 f6 31. Qe2 Rf8 32. Rg2 Bf7 33. Rfg1 Qd8 34. Ng4 Bh5 35. Qe1 Qe7 36. Qg3 Re8 37. Nh2 Qf8 38. h4 Be3 39. Rf1 Qe7 40. Re1 Bf4 41. Qf2 Rd8 42. Rf1 a5 43. Ra1 b6 44. Qe1 Qc5 45. Ra4 Qb5 46. Ra1 c5 47. Qg1 Be3 48. Qf1 Qc6 49. Ng4 Bf4 50. Nf2 Bf3 51. Nh3 Bxg2+ 52. Qxg2 Rg8 53. Qe2 Be3 54. Qh5 Qd7 55. Re1 Qg7 56. Qf3 Qg4 57. Qxg4 Rxg4 58. Kh2 Kg7 59. Re2 Kh6 60. c4 Kh5 61. Nf2 Bf4+ 62. Kh1 Rg3 63. Re1 Kxh4 64. Rg1 Be3 65. Rg2 Bxf2 66. Rxf2 Rh3+ 67. Kg1 Rxd3 68. Kf1 Rxb3 69. Rg2 Rg3 70. Rh2+ Kg5 71. Rxh7 Kf4 72. Rh6 Kxe4 73. Rxf6 Rf3+ 74. Ke1 Rxf5 75. Rxb6 Ke3 76. Rh6 d3 77. Rh3+ Rf3 78. Rh1 e4 79. b3 d2+ 80. Kd1 Kd3 81. b4 e3 0-1